005190000a22001330004500090001700000245016400017041001400181700002900195700003800224100003200262942001300294773006100307999001700368 aASbSeriadas10aPhlebotominae de Colombia (): III. consideraciones sobre el estudio de los dipteros de los géneros Brumptomyia y Lutzomyia Franca, 19240 aEspañol1 aOsorno, Fenita de9993501 aMorales Alarcón, Alberto9991521 aOsorno Mesa, Ernesto999162 cARTICULO1 tLozania: Acta Zoológica Colombiana3375h16q1-7d1968 c15195d15195